Assessing outline applications. (Record no. 60824)

MARC details
000 -LEADER
fixed length control field 00649cam a2200169 4500
001 - CONTROL NUMBER
control field ABS61134
008 - FIXED-LENGTH DATA ELEMENTS--GENERAL INFORMATION
fixed length control field 000000n1999 000 0 eng u
035 ## - SYSTEM CONTROL NUMBER
System control number (Sirsi) u101699
100 ## - MAIN ENTRY--PERSONAL NAME
Personal name Lee-Wright, M.
245 ## - TITLE STATEMENT
Title Assessing outline applications.
260 ## - PUBLICATION, DISTRIBUTION, ETC.
Date of publication, distribution, etc. 1999
490 ## - SERIES STATEMENT
Series statement Property Week
Volume/sequential designation 64(31) 6 August 1999, 36-37(2)
520 ## - SUMMARY, ETC.
Summary, etc. Considers DETR Circular 2/99 "Environmental Impact Assessment" offering guidance on the implementation of the Environmental Assessment Regulations 1999 in the context of outline planning applications.
650 ## - SUBJECT ADDED ENTRY--TOPICAL TERM
Topical term or geographic name entry element ENVIRONMENTAL IMPACT ASSESSMENTS
690 ## - LOCAL SUBJECT ADDED ENTRY--TOPICAL TERM (OCLC, RLIN)
Topical term or geographic name as entry element PLANNING LAW AND PRACTICE
942 ## - ADDED ENTRY ELEMENTS (KOHA)
Suppress in OPAC 0
Holdings
Withdrawn status Lost status Source of classification or shelving scheme Damaged status Not for loan Home library Current library Shelving location Date acquired Total Checkouts Full call number Barcode Date last seen Copy number Price effective from Koha item type
    Dewey Decimal Classification     London London Journal article 09/11/1999   ABS61134 101699-1001 06/08/2019 1 06/08/2019 Journal article